000 00466nam a22001817a 4500
003 MPLRDC
005 20220104185927.0
008 210129b ||||| |||| 00| 0 eng d
020 _a988-18559-6-1
082 _a528.47 LZ
100 _a赖峻儒编审
245 _a儿童必备58个自救能量
_c梁子编绘
250 _a初版一刷
260 _a香港
_b童艺少儿文化
_c2010
300 _b
650 _a青少年教育
942 _cBK
_o528.47 LZ
999 _c63551
_d63541